书目信息 |
| 题名: |
管理信息系统英语阅读
|
|
| 作者: | 邢文凤 编著 | |
| 分册: | ||
| 出版信息: | 北京 北京航空航天大学出版社 2006.02 |
|
| 页数: | 189页 | |
| 开本: | 23cm | |
| 丛书名: | 工商管理英语阅读教程系列丛书 | |
| 单 册: | ||
| 中图分类: | H31 | |
| 科图分类: | ||
| 主题词: | 管理信息系统--guan li xin xi xi tong--英语 | |
| 电子资源: | ||
| ISBN: | 7-81077-587-1 | |
| 000 | 00988nam 2200241 450 | |
| 001 | 012006342484 | |
| 005 | 20060626103319.07 | |
| 010 | @a7-81077-587-1@dCNY18.00 | |
| 100 | @a20060615d2006 km y0chiy0120 ea | |
| 101 | 0 | @achi@aeng |
| 102 | @aCN@b110000 | |
| 105 | @ay z 000yy | |
| 200 | 1 | @a管理信息系统英语阅读@Aguan li xin xi xi tong ying yu yue du@f邢文凤编著@Fxing wen feng bian zhu |
| 210 | @a北京@c北京航空航天大学出版社@d2006.02 | |
| 215 | @a189页@d23cm | |
| 225 | 2 | @a工商管理英语阅读教程系列丛书@Agong shang guan li ying yu yue du jiao cheng xi lie cong shu |
| 330 | @a本书包括三个部分:第一部分讲述了管理信息系统的概况、商业应用等;第二部分介绍了现实管理信息系统所需要的主要技术、设计与规划方案等;第三部分介绍了有关管理信息系统的案例。 | |
| 410 | 0 | @12001 @a工商管理英语阅读教程系列丛书 |
| 606 | 0 | @a管理信息系统@Aguan li xin xi xi tong@x英语 |
| 690 | @aH31@v4 | |
| 701 | 0 | @a邢文凤@Axing wen feng@4编著 |
| 801 | 0 | @aCN@bQSSK@c20060626 |
| 905 | @a10447@dH31@eX614 | |
| 管理信息系统英语阅读/邢文凤编著.-北京:北京航空航天大学出版社,2006.02 |
| 189页;23cm.-(工商管理英语阅读教程系列丛书) |
| ISBN 7-81077-587-1:CNY18.00 |
| 本书包括三个部分:第一部分讲述了管理信息系统的概况、商业应用等;第二部分介绍了现实管理信息系统所需要的主要技术、设计与规划方案等;第三部分介绍了有关管理信息系统的案例。 |
| ● |
| 相关链接 |
|
|
|
正题名:管理信息系统英语阅读
索取号:H31/X614
 
预约/预借
| 序号 | 登录号 | 条形码 | 馆藏地/架位号 | 状态 | 备注 |
| 1 | 587427 | 205874277 | 语言库209/209语言库 88排3列3层/ [索取号:H31/X614] | 在馆 | |
| 2 | 587428 | 205874286 | 语言库209/209语言库 88排3列3层/ [索取号:H31/X614] | 在馆 | |
| 3 | 587429 | 205874295 | 语言库209/209语言库 88排3列3层/ [索取号:H31/X614] | 在馆 |